Katalytická éterifikácia glycerolu etanolom

Gespeichert in:
Bibliographische Detailangaben
1. Verfasser: Filková, Adriána (Verfasst von)
Weitere Verfasser: Mravec, Dušan, 1943- (Betreuung Doktorarbeit)
Format: Manuskript Buch
Sprache:Slowakisch
Schlagworte:
Online-Zugang:http://is.stuba.sk/zp/portal_zp.pl?podrobnosti=103345
Tags: Tag hinzufügen
Keine Tags, Fügen Sie das erste Tag hinzu!

MARC

LEADER 00000ntm a22000003a 4500
001 stuzp44998
003 SK-STU
005 20160229160101.2
007 ta
008 150427s2015----xo-----f-mn---000-0-slo-d
040 |a STU  |b slo 
041 0 |a slo 
100 1 |a Filková, Adriána  |u 048130  |4 aut  |U FCHPT Ústav organickej chémie, katalýzy a petrochémie  |T FCHPT Oddelenie organickej technológie  |X 68527  |U C8130  |Y 123  |7 68527 
242 0 1 |a The catalytic etherification of glycerol by etanol  |y eng 
245 1 0 |a Katalytická éterifikácia glycerolu etanolom 
650 4 |a katalyzátory  |2 slo 
650 4 |a glycerol  |2 slo 
650 4 |a etanol  |2 slo 
650 4 |a etylétery glycerolu  |2 slo 
650 4 |a bionafta  |2 slo 
650 4 |a ethanol  |2 eng 
650 4 |a ethylethers of glycerol  |2 eng 
650 4 |a glycerol  |2 eng 
650 4 |a biodiesel  |2 eng 
650 4 |a catalysts  |2 eng 
700 1 |a Mravec, Dušan,  |d 1943-  |4 ths  |X 3255  |7 A000003255 
856 4 |u http://is.stuba.sk/zp/portal_zp.pl?podrobnosti=103345 
SQL |a stuzp44998  |b DDP  |c SLO  |d Katalytická éterifikácia glycerolu etanolom  |e 68527  |f Filková, Adriána  |g 048130  |h 3255  |i Mravec, Dušan  |j 20140609  |k 117  |l 04  |m http://is.stuba.sk/zp/portal_zp.pl?podrobnosti=103345